000 00503nam a2200169Ia 4500
008 090201s9999 xx 000 0 und d
010 _aKPL-29442
040 _bमराठी
041 _aमराठी
082 _a32123
_b29442
100 _aबा. भ. बोरकर
245 _aमेघदूत
_cबा. भ. बोरकर
260 _c2004
_bश्रीविद्या प्रकाशन
300 _a20
_bमोठा
600 _aमेघदूत
942 _cBOOK
999 _c230495
_d230495